000 00320 a2200109 4500
001 ART_18841
005 20260410161703.0
008 260409a
245 1 0 _aLa factura electrónica llegó al monotributo
100 1 _aFerraro, Ricardo H.
773 0 _tRevista Impuestos
_g- Nº 5 (may. 2011)
_wREV639
999 _c15381
_d15381